• 首页
  • 本馆介绍
  • 公告通知
  • 最新文献
  • 馆藏检索
  • 电子资源
  • 读者导购
  • 参考咨询
  • 我的图书馆
  • 登录
  • 详细信息显示
  • 放入我的书架
  • 预约/预借图书
  • 作者相关作品
  • 分类相关作品
  • 丛书相关作品
  • 出版社相关作品

书目信息

  • 表格格式
  • 工作单格式
  • 卡片格式
题名:
英汉程控交换词汇
    
 
作者: 周琴芳 , 王鲁滨 编著
分册:  
出版信息: 北京   北京邮电学院出版社  1991.03
页数: 528页
开本: 24cm
丛书名:
单 册:
中图分类: TN916.427-61
科图分类:
主题词: 电话
电子资源:
ISBN: 7-5635-0058-8
000 00654nam0 2200193 450
001 202410303831929913
005 20241112162852.37
010    @a7-5635-0058-8@d¥9.80
100    @a20241030d km y0chiy0120 ea
101 0  @achi
200 1  @a英汉程控交换词汇@AYing Han Cheng Kong Jiao Huan Ci Hui@f周琴芳,王鲁滨编著@FZhou Qin Fang,Wang Lu Bin Bian Zhu
210    @a北京@c北京邮电学院出版社@d1991.03
215    @a528页@d24cm
606 0  @a电话
690    @aTN916.427-61@v4
701  0 @a周琴芳@AZhou Qin Fang@4编著
701  0 @a王鲁滨@AWang Lu Bin@4编著
801  0 @aCN@b大连网信软件有限公司图书馆·11@c20241112
905    @aZUCC@b1056217@dTN916.427-61@e265@f1
    
    英汉程控交换词汇/周琴芳,王鲁滨编著.-北京:北京邮电学院出版社,1991.03
    528页;24cm
    
    
    ISBN 7-5635-0058-8:¥9.80
    
●
相关链接 在E读中查询图书 在五车中查询图书 在当当中查询图书 在豆瓣中查询图书


正题名:英汉程控交换词汇     索取号:TN916.427-61/265         预约/预借

序号 登录号 条形码 馆藏地/架位号 状态 备注
1 1056217   210562176   密集书库—外国语学院/ [索取号:TN916.427-61/265] 在馆    
唐山师范学院图书馆 欢迎您!
大连网信软件有限公司© 版权所有